| 000 | 00703nam a22002057a 4500 | ||
|---|---|---|---|
| 999 |
_c6070 _d6070 |
||
| 003 | AR-CdUCM | ||
| 008 | 190313b ||||| |||| 00| 0 spa d | ||
| 040 |
_aMUNICIPALIDAD PROVINCIAL DEL CUSCO _cBIBLIOTECA MUNICIPAL DEL CUSCO |
||
| 082 |
_a869.508 / _bSE36 |
||
| 100 |
_aSegura, Manuel Ascensio _92695 |
||
| 245 | _aArtículos de costumbres / | ||
| 260 |
_aLima : _bUniverso, |
||
| 300 |
_a188 páginas ; _c17 cm. |
||
| 505 | _aContenido: Estudio preliminar -- Me voy al Callao -- Siempre soy quien capitula -- Una visita -- Otra visita -- Una conversación ... | ||
| 650 |
_aCuentos de costumbres _934 |
||
| 650 |
_aSiglo XIX _9971 |
||
| 650 |
_aPerú _935 |
||
| 942 |
_2ddc _cLIBROS |
||
| 945 | _aachl | ||